|
|
|
|
| LEADER |
01014nam#a2200349#a#4500 |
| 001 |
000900 |
| 003 |
AR-BeUNQ |
| 005 |
20171026170402.0 |
| 008 |
950615s1993####mx##################spa#d |
| 999 |
|
|
|c 3702
|d 79089
|
| 020 |
|
|
|a 9681811763
|
| 040 |
|
|
|a AR-BeUNQ
|
| 099 |
|
|
|a 20-L5
|
| 100 |
1 |
|
|a Lehmann, Charles
|
| 245 |
0 |
2 |
|a Geometría analítica
|c Charles Lehmann.
|
| 260 |
|
|
|a México, DF :
|b Limusa,
|c 1993
|
| 300 |
|
|
|a 494 p
|
| 594 |
|
|
|a DIPLOMATURA EN CIENCIA Y TECNOLOGIA
|
| 595 |
|
|
|a ALGEBRA Y GEOMETRIA ANALITICA
|d 2007
|
| 650 |
|
7 |
|a SISTEMAS DE COORDENADAS
|2 spines
|
| 650 |
|
7 |
|a ECUACIONES
|2 spines
|
| 650 |
|
7 |
|a GEOMETRIA ANALITICA
|2 spines
|
| 650 |
|
7 |
|a PARABOLAS
|2 spines
|
| 650 |
|
7 |
|a HIPERBOLAS
|2 spines
|
| 650 |
|
7 |
|a COORDENADAS POLARES
|2 spines
|
| 650 |
|
7 |
|a ECUACIONES PARAMETRICAS
|2 spines
|
| 650 |
|
7 |
|a FUNCIONES CONVEXAS
|2 spines
|
| 650 |
|
7 |
|a COORDENADAS RECTANGULARES
|2 spines
|
| 650 |
|
7 |
|a FORMULAS MATEMATICAS
|2 spines
|
| 650 |
|
7 |
|a TEOREMAS
|2 spines
|
| 929 |
|
|
|j 11129
|
| 942 |
|
|
|c LIB
|n 0
|